000 00562nam a2200181Ia 4500
003 GCL
008 140319s9999 xx 000 0 ara d
040 _aGCL /
_cGCL
082 0 4 _a252.23
_bع ا
100 1 _aعبدالحميد كشك
245 1 0 _aاحاديث الجمعة ومواعظها /
_cعبدالحميد كشك
260 _a[S.N] :
_bالمختار الاسلامى للطبع والنشر والتوزيع ،
_c1988
300 _a117 ص
490 _a
650 0 4 _aصلاة الجمعة
650 0 4 _aخطبة الجمعة
942 _2ddc
_cBK
999 _c47161
_d47161